Perception as a hermeneutical act p. 61-76 (Record no. 123535)
[ view plain ]
| 000 -LEADER | |
|---|---|
| fixed length control field | 00446nam a22001337a 4500 |
| 008 - FIXED-LENGTH DATA ELEMENTS--GENERAL INFORMATION | |
| fixed length control field | 151020b xxu||||| |||| 00| 0 eng d |
| 050 ## - LIBRARY OF CONGRESS CALL NUMBER | |
| Classification number | SPCH4.R454 1983 |
| 100 ## - MAIN ENTRY--PERSONAL NAME | |
| Personal name | Heelan, Patrick A. |
| 9 (RLIN) | 20315 |
| 245 ## - TITLE STATEMENT | |
| Title | Perception as a hermeneutical act p. 61-76 |
| Statement of responsibility, etc | Patrick A. Heelan |
| 260 ## - PUBLICATION, DISTRIBUTION, ETC. (IMPRINT) | |
| Place of publication, distribution, etc | Washington D.C. |
| Name of publisher, distributor, etc | Philosophy Documentation Center |
| Date of publication, distribution, etc | 1983 |
| 300 ## - PHYSICAL DESCRIPTION | |
| Extent | 229p. ; |
| Dimensions | 25cm. |
| 440 ## - SERIES STATEMENT/ADDED ENTRY--TITLE | |
| Title | The review of metaphysics |
| Number of part/section of a work | 1 |
| Volume number/sequential designation | 37 |
| 9 (RLIN) | 20316 |
| 942 ## - ADDED ENTRY ELEMENTS (KOHA) | |
| Source of classification or shelving scheme | Library of Congress Classification |
| Item type | SPC |
| Withdrawn status | Lost status | Source of classification or shelving scheme | Damaged status | Not for loan | Collection code | Home library | Current library | Shelving location | Date acquired | Total Checkouts | Full call number | Barcode | Date last seen | Price effective from | Koha item type |
|---|---|---|---|---|---|---|---|---|---|---|---|---|---|---|---|
| Library of Congress Classification | SPECIAL Collection | ARRUPE LIBRARY | ARRUPE LIBRARY | Main Collection | 20/10/2015 | SPCH4.R454 1983 | 46500005205 | 20/10/2015 | 20/10/2015 | SPC |